Stolice państw dawnego ZSRR - nagła śmierć - Statystyki

Ogólne statystyki
  • Ten quiz został rozwiązany 56 razy
  • Średni wynik to 10 z 15
Answers on the Grid
Answers color-coded by a green-red scale on the quiz's grid according to % correct below.
Ałmaty
Astana
Aszchabad
Baku
Berlin
Biszkek
Bukareszt
Duszanbe
Erywań
Helsinki
Kabul
Kijów
Kiszyniów
Kowno
Mińsk
Moskwa
Ryga
Tallin
Taszkent
Tbilisi
Teheran
Ułan Bator
Warszawa
Wilno
 
Statystyki odpowiedzi
Odpowiedź % Poprawnych
Ryga
81%
Mińsk
79%
Tallin
79%
Kijów
77%
Moskwa
77%
Kiszyniów
72%
Wilno
72%
Astana
70%
Baku
70%
Tbilisi
70%
Erywań
67%
Duszanbe
63%
Taszkent
60%
Biszkek
58%
Aszchabad
53%
Nie znaleziono quizów pasujących do podanych kryteriów
Rozkład punktacji
Procent ludzi z każdym wynikiem
Percentyl według liczby udzielonych odpowiedzi
Twoja historia wyników
Nie rozwiązałeś tego quizu